[Event "CAMPEONATO DE ESPAÑA ABSOLUTO"]
[Site "EL SAUZAL - TENERIFE - ISLAS CANARIAS"]
[Date "2010.09.08"]
[Round "5"]
[Board "13"]
[White "Del Rey, Diego"]
[Black "Barrio Pareja, Eduardo"]
[Result "1/2-1/2"]
[WhiteElo "2396"]
[BlackElo "2049"]
[PlyCount "72"]
[EventDate "2010.09.04"]
[EventRounds "9"]
[EventCountry "ESP"]

1.d4 Nf6 2.Nf3 g6 3.c4 Bg7 4.Nc3 d6 5.Bg5 h6 6.Bh4 O-O 7.e3 c6 8.Qc2 a6 9.a3 b5
10.Nd2 e5 11.dxe5 dxe5 12.Rd1 Qb6 13.b4 Bg4 14.Rc1 Nbd7 15.c5 Qc7 16.Bd3 Rfe8
17.O-O a5 18.e4 g5 19.Bg3 Nh5 20.Bxb5 axb4 21.axb4 Nxg3 22.fxg3 cxb5 23.Nxb5 Qc6
24.Nd6 Reb8 25.b5 Qxc5+ 26.Qxc5 Nxc5 27.Rxc5 Bf8 28.Rc6 Bxd6 29.Rxd6 Rxb5 30.Rd5
Rb2 31.Rb1 Rxb1+ 32.Nxb1 Ra1 33.Rb5 Be2 34.Rb8+ Kg7 35.Kf2 Bd3 36.Nd2 Ra6 1/2-1/2

[Event "CAMPEONATO DE ESPAÑA ABSOLUTO"]
[Site "EL SAUZAL - TENERIFE - ISLAS CANARIAS"]
[Date "2010.09.08"]
[Round "5"]
[Board "14"]
[White "Vega Gutierrez, Belinda"]
[Black "Cabrera Trujillo, Jorge"]
[Result "0-1"]
[WhiteElo "2233"]
[BlackElo "2384"]
[PlyCount "252"]
[EventDate "2010.09.04"]
[EventRounds "9"]
[EventCountry "ESP"]

1.e4 c5 2.Nf3 d6 3.d4 cxd4 4.Nxd4 Nf6 5.Nc3 g6 6.Bc4 Bg7 7.O-O O-O 8.Re1 Nc6
9.Nb3 a6 10.a4 b6 11.Nd5 Nd7 12.c3 e6 13.Ne3 Nf6 14.f3 Bb7 15.Bf1 Qc7 16.Ng4
Nxg4 17.fxg4 Ne5 18.Bf4 Rfd8 19.Qe2 Rac8 20.Nc1 Rd7 21.Kh1 Qd8 22.Nd3 g5 23.Bg3
a5 24.Nxe5 Bxe5 25.Bxe5 dxe5 26.Qe3 Rd2 27.b3 Rc6 28.Bb5 Rcd6 29.Rf1 Kg7 30.h3
f6 31.Qf3 Bc6 32.Bc4 Be8 33.Kh2 Bg6 34.Rae1 Rb2 35.Rd1 Rbd2 36.Rde1 Qe7 37.Re2
Rd8 38.Rxd2 Rxd2 39.Qe3 Rd6 40.Qf3 Qf7 41.Be2 Rd8 42.Rf2 Qe7 43.Rf1 Rd6 44.Bc4
Qd8 45.Bb5 Rd2 46.Bc4 Qe7 47.Qe3 Rd6 48.Qf3 Be8 49.Be2 Bc6 50.Bc4 Qd8 51.Be2 Bb7
52.Bc4 h6 53.Kh1 Qe7 54.Kh2 Bc6 55.Be2 Rd8 56.Bc4 Bb7 57.Bb5 Rd6 58.Bc4 Qd8
59.Bb5 Kf7 60.Bc4 Qh8 61.Bb5 Qg7 62.Bc4 Qg6 63.Re1 Ke7 64.Bb5 Qh7 65.Rf1 Qh8
66.Bc4 Qf8 67.Bb5 Ba8 68.Bc4 Bc6 69.Be2 Qg7 70.Bc4 Qf7 71.Qe3 Bb7 72.Bb5 h5
73.Qf3 hxg4 74.Qxg4 Qh7 75.Re1 Qh4 76.Re2 Qxg4 77.hxg4 Rd1 78.Kg3 Rc1 79.Re3 Rc2
80.Kh3 Rb2 81.Bc4 Bc6 82.Kg3 Kd6 83.Kh3 Bd7 84.Kg3 Kc5 85.Rf3 Bxa4 86.bxa4 Kxc4
87.Rxf6 Kxc3 88.Rxe6 Kd4 89.Rg6 Rb3+ 90.Kh2 Rb4 91.Rxg5 Rxa4 92.Rg8 Kxe4 93.g5
Kf5 94.g6 Rh4+ 95.Kg1 Rh6 96.g7 Kg6 97.Re8 Kxg7 98.Rxe5 Kf6 99.Rb5 Ke7 100.Kf2
Kd7 101.g4 Kc6 102.Rf5 a4 103.Ke3 Rd6 104.g5 b5 105.Rf1 b4 106.Rg1 Rg6 107.Kd3
Kb5 108.Kc2 Kc4 109.Rg4+ Kc5 110.Kb2 Kb5 111.Rg1 Kb6 112.Rg4 Ka5 113.Rg1 Kb5
114.Rg4 Kc5 115.Rg1 Kb6 116.Rg4 Ka5 117.Rg1 Kb5 118.Rg4 Re6 119.g6 Re2+ 120.Kb1
Re1+ 121.Kb2 a3+ 122.Kb3 Re3+ 123.Ka2 Re2+ 124.Kb1 b3 125.Rg1 a2+ 126.Ka1 Kb4 0-1

[Event "CAMPEONATO DE ESPAÑA ABSOLUTO"]
[Site "EL SAUZAL - TENERIFE - ISLAS CANARIAS"]
[Date "2010.09.08"]
[Round "5"]
[Board "15"]
[White "Larino Nieto, David"]
[Black "Senlle Caride, Miguel"]
[Result "1/2-1/2"]
[WhiteElo "2451"]
[BlackElo "2235"]
[PlyCount "169"]
[EventDate "2010.09.04"]
[EventRounds "9"]
[EventCountry "ESP"]

1.e4 e5 2.Nf3 Nc6 3.Bb5 a6 4.Bxc6 dxc6 5.O-O Ne7 6.Nxe5 Qd4 7.Qh5 g6 8.Nf3 Qxe4
9.Qa5 Qf4 10.d3 Qd6 11.Nbd2 Nd5 12.Re1+ Be6 13.a3 Qc5 14.Qa4 Bg7 15.c4 Nb6
16.Qc2 O-O-O 17.Ne4 Qf5 18.Bg5 Rd7 19.Rad1 h6 20.Ng3 Qa5 21.Bc1 Bg4 22.c5 Na4
23.Re4 Bxf3 24.gxf3 Nxc5 25.Bd2 Qb5 26.Rb4 Qxd3 27.Qxc5 Qxf3 28.Qc2 Rhd8 29.Re4
h5 30.Re3 Qg4 31.h3 Qxh3 32.Nf1 Qg4+ 33.Rg3 Qe2 34.Re1 Qb5 35.Bg5 h4 36.Bxh4 Rh8
37.Qe4 Rd4 38.Qe8+ Rxe8 39.Rxe8+ Kd7 40.Rd8+ Ke6 41.Re3+ Kf5 42.Ng3+ Kg4
43.Rxd4+ Bxd4 44.Re4+ Kh3 45.Be7 Bxf2+ 46.Kxf2 Qxb2+ 47.Ne2 f6 48.Bb4 Qc2 49.Rf4
g5 50.Rxf6 Kg4 51.Rf3 Qe4 52.Rg3+ Kh5 53.Re3 Qh4+ 54.Ng3+ Kg6 55.Re6+ Kf7
56.Re7+ Kg6 57.Re4 Qh2+ 58.Kf3 Qc2 59.Re6+ Kf7 60.Re2 Qd3+ 61.Kg4 c5 62.Bd2 c4
63.Bxg5 c3 64.Re7+ Kg6 65.Re6+ Kf7 66.Rf6+ Ke8 67.Re6+ Kd7 68.Re7+ Kc6 69.Bf4 c2
70.Ne2 Qxa3 71.Rxc7+ Kb6 72.Rxc2 a5 73.Rc3 Qb2 74.Kf3 a4 75.Bc1 Qb5 76.Ke3 Ka6
77.Kd2 Qd5+ 78.Rd3 Qa2+ 79.Kd1 Qb1 80.Rd6+ b6 81.Nc3 Qb3+ 82.Kd2 a3 83.Rd8 Kb7
84.Rd7+ Ka6 85.Bxa3 1/2-1/2

[Event "CAMPEONATO DE ESPAÑA ABSOLUTO"]
[Site "EL SAUZAL - TENERIFE - ISLAS CANARIAS"]
[Date "2010.09.08"]
[Round "5"]
[Board "16"]
[White "Ladron De Guevara Pinto, Paolo"]
[Black "Vassallo Barroche, Mauricio"]
[Result "1/2-1/2"]
[WhiteElo "2215"]
[BlackElo "2422"]
[PlyCount "65"]
[EventDate "2010.09.04"]
[EventRounds "9"]
[EventCountry "ESP"]

1.e4 g6 2.d4 Bg7 3.Nc3 d6 4.f4 Nf6 5.Nf3 c5 6.e5 Nfd7 7.Be3 O-O 8.exd6 exd6
9.Qd2 Nc6 10.O-O-O Qa5 11.Kb1 Nf6 12.h3 Bf5 13.Bd3 Bxd3 14.Qxd3 Rac8 15.Qb5 a6
16.Qxa5 Nxa5 17.dxc5 dxc5 18.Ne5 Rfe8 19.Rhe1 Nc6 20.Nc4 Bf8 21.Nb6 Rcd8 22.Ncd5
Nxd5 23.Nxd5 Re6 24.c4 b5 25.b3 bxc4 26.bxc4 Rb8+ 27.Kc2 Nb4+ 28.Nxb4 cxb4
29.Bc1 Rc8 30.Kb3 Rec6 31.Re4 f5 32.Red4 a5 33.R1d3 1/2-1/2

[Event "CAMPEONATO DE ESPAÑA ABSOLUTO"]
[Site "EL SAUZAL - TENERIFE - ISLAS CANARIAS"]
[Date "2010.09.08"]
[Round "5"]
[Board "17"]
[White "Zamarbide Inarrea, Daniel"]
[Black "Espinosa Aranda, Angel"]
[Result "0-1"]
[WhiteElo "2197"]
[BlackElo "2403"]
[PlyCount "44"]
[EventDate "2010.09.04"]
[EventRounds "9"]
[EventCountry "ESP"]

1.e4 c5 2.Nf3 e6 3.d4 cxd4 4.Nxd4 a6 5.Nc3 Qc7 6.Be2 Nf6 7.a3 b5 8.f4 Bb7 9.Bf3
b4 10.axb4 Bxb4 11.Qd3 d5 12.e5 Ne4 13.Bxe4 dxe4 14.Qg3 Nc6 15.Nb3 Ne7 16.O-O
Nf5 17.Qh3 Qc6 18.Be3 Bxc3 19.bxc3 Qxc3 20.Rfe1 O-O 21.Nc5 Bc6 22.g4 Nd4 0-1

[Event "CAMPEONATO DE ESPAÑA ABSOLUTO"]
[Site "EL SAUZAL - TENERIFE - ISLAS CANARIAS"]
[Date "2010.09.08"]
[Round "5"]
[Board "18"]
[White "Farran Martos, Francesc X"]
[Black "Narciso Dublan, Marc"]
[Result "1/2-1/2"]
[WhiteElo "2287"]
[BlackElo "2553"]
[PlyCount "49"]
[EventDate "2010.09.04"]
[EventRounds "9"]
[EventCountry "ESP"]

1.e4 c6 2.Ne2 d5 3.e5 d4 4.Ng3 Qd5 5.f4 g5 6.d3 gxf4 7.Bxf4 Bh6 8.Qd2 Bxf4
9.Qxf4 Nd7 10.Nd2 Nxe5 11.Nb3 c5 12.Be2 Nf6 13.O-O Rg8 14.Rae1 Be6 15.c3 Rd8
16.cxd4 cxd4 17.Rc1 b6 18.Rc7 Nfg4 19.Rxa7 Ne3 20.Rf2 N5g4 21.Bxg4 Nxg4 22.Qc7
Rd7 23.Qc8+ Rd8 24.Qc7 Rd7 25.Qc8+ 1/2-1/2

[Event "CAMPEONATO DE ESPAÑA ABSOLUTO"]
[Site "EL SAUZAL - TENERIFE - ISLAS CANARIAS"]
[Date "2010.09.08"]
[Round "5"]
[Board "19"]
[White "Recuero Guerra, David"]
[Black "Fernandez Siles, Luis"]
[Result "1-0"]
[WhiteElo "2457"]
[BlackElo "2341"]
[PlyCount "122"]
[EventDate "2010.09.04"]
[EventRounds "9"]
[EventCountry "ESP"]

1.e4 c5 2.Nf3 d6 3.d4 cxd4 4.Nxd4 Nf6 5.Nc3 g6 6.Bc4 Bg7 7.O-O O-O 8.Re1 Nc6
9.Nb3 b6 10.Bg5 Bb7 11.Bb5 Rc8 12.Qe2 Nb8 13.Rad1 Rxc3 14.Bxf6 Rxb3 15.Bxg7 Rxb5
16.Bxf8 Rh5 17.Bxe7 Qxe7 18.Qd3 Kf8 19.Qxd6 Qxd6 20.Rxd6 Ke7 21.Rdd1 Rc5 22.c3
g5 23.f3 Nd7 24.Rd4 Ne5 25.Red1 Rc8 26.Kf2 Bc6 27.c4 f6 28.b3 Bd7 29.h4 h6
30.hxg5 hxg5 31.R4d2 Rh8 32.Ke3 Be6 33.Kf2 Ng6 34.Rc1 g4 35.c5 b5 36.Ke3 gxf3
37.gxf3 Ne5 38.c6 Rc8 39.c7 Bd7 40.Rc5 a6 41.Rdc2 Kd6 42.Rd5+ Ke7 43.f4 Nc6
44.Rg2 Be6 45.Rh5 Rxc7 46.Rg7+ Kd6 47.Rxc7 Kxc7 48.Rh6 Nb4 49.Rxf6 Bd7 50.a3 Nc6
51.e5 b4 52.axb4 Nxb4 53.Kd4 a5 54.Kc4 Nc6 55.Kc5 Nd8 56.f5 Nb7+ 57.Kd5 a4
58.bxa4 Bxa4 59.Rf7+ Kb6 60.e6 Bb3+ 61.Ke5 Nd8 1-0

[Event "CAMPEONATO DE ESPAÑA ABSOLUTO"]
[Site "EL SAUZAL - TENERIFE - ISLAS CANARIAS"]
[Date "2010.09.08"]
[Round "5"]
[Board "20"]
[White "Anton Guijarro, David"]
[Black "Gonzalez Garcia, Guillermo"]
[Result "1-0"]
[WhiteElo "2403"]
[BlackElo "2215"]
[PlyCount "93"]
[EventDate "2010.09.04"]
[EventRounds "9"]
[EventCountry "ESP"]

1.Nf3 Nf6 2.d4 g6 3.c4 Bg7 4.Nc3 d6 5.e4 O-O 6.Be2 e5 7.O-O Na6 8.Be3 Ng4 9.Bg5
f6 10.Bd2 Nh6 11.dxe5 dxe5 12.Qb3 Kh8 13.Rfd1 Qe8 14.Qa3 c6 15.Na4 Rf7 16.b4 Bf8
17.c5 Nc7 18.Qc1 Ng8 19.Nb2 Be6 20.Qc2 Rd8 21.a4 Rfd7 22.h3 Qf7 23.Be3 Rxd1+
24.Bxd1 Bh6 25.Bxh6 Nxh6 26.Be2 a6 27.Qc3 Qe7 28.Rd1 Nf7 29.Rxd8+ Qxd8 30.Nd1
Kg7 31.Ne3 Qd7 32.Bf1 h6 33.Nd2 h5 34.h4 Qe7 35.Qd3 Bd7 36.Nec4 Ne6 37.Nb3 Nf4
38.Qd2 Be6 39.Nba5 g5 40.Nd6 gxh4 41.Naxb7 f5 42.Nxf7 Kxf7 43.Nd6+ Kf6 44.g3
hxg3 45.fxg3 Ng6 46.exf5 Bxf5 47.Qf2 1-0

[Event "CAMPEONATO DE ESPAÑA ABSOLUTO"]
[Site "EL SAUZAL - TENERIFE - ISLAS CANARIAS"]
[Date "2010.09.08"]
[Round "5"]
[Board "21"]
[White "Garza Marco, Sergio"]
[Black "Hernandez Leon, Sergio"]
[Result "1-0"]
[WhiteElo "2439"]
[BlackElo "2133"]
[PlyCount "87"]
[EventDate "2010.09.04"]
[EventRounds "9"]
[EventCountry "ESP"]

1.d4 d5 2.c4 c6 3.Nf3 e6 4.e3 Nf6 5.Bd3 Nbd7 6.b3 Bd6 7.Bb2 Qe7 8.Ne5 O-O 9.O-O
c5 10.Nd2 cxd4 11.exd4 b6 12.Qf3 Bb7 13.Qh3 Rfd8 14.Rae1 Nf8 15.Re2 Bb4 16.f4
Bxd2 17.Rxd2 dxc4 18.bxc4 Ng6 19.Re2 Qc7 20.f5 exf5 21.Qxf5 Nxe5 22.dxe5 Qc5+
23.Kh1 Bc8 24.Qg5 Be6 25.Re3 Rxd3 26.Rxd3 Ne4 27.Rd8+ Rxd8 28.Qxd8+ Qf8 29.Qd4
Qa8 30.Rd1 h5 31.Qd8+ Qxd8 32.Rxd8+ Kh7 33.Rd4 Nf2+ 34.Kg1 Ng4 35.Re4 Bf5 36.Rf4
Be6 37.Re4 Bf5 38.Re1 Be6 39.h3 Nh6 40.Rc1 Nf5 41.Kf2 Ne7 42.a3 a5 43.Bd4 Nc6
44.Ke3 1-0

[Event "CAMPEONATO DE ESPAÑA ABSOLUTO"]
[Site "EL SAUZAL - TENERIFE - ISLAS CANARIAS"]
[Date "2010.09.08"]
[Round "5"]
[Board "22"]
[White "Perez Felipe, Marcos Adrian"]
[Black "Martin Hernandez, Ruben"]
[Result "1/2-1/2"]
[WhiteElo "2308"]
[BlackElo "2037"]
[PlyCount "49"]
[EventDate "2010.09.04"]
[EventRounds "9"]
[EventCountry "ESP"]

1.c4 Nf6 2.Nc3 c5 3.Nf3 Nc6 4.d4 cxd4 5.Nxd4 e6 6.g3 Qb6 7.Ndb5 Bc5 8.e3 Ne5
9.Be2 a6 10.Nd4 Qc7 11.O-O O-O 12.f4 Nc6 13.a3 d5 14.Nxc6 bxc6 15.b4 Be7 16.c5
e5 17.fxe5 Qxe5 18.Qd4 Nd7 19.Qxe5 Nxe5 20.Na4 Bg4 21.Bxg4 Nxg4 22.Nb6 Rad8
23.h3 Nf6 24.Bb2 Ne4 25.Be5 1/2-1/2

[Event "CAMPEONATO DE ESPAÑA ABSOLUTO"]
[Site "EL SAUZAL - TENERIFE - ISLAS CANARIAS"]
[Date "2010.09.08"]
[Round "5"]
[Board "23"]
[White "Navarro Molina, David"]
[Black "Hernandez Leon, Alberto"]
[Result "1-0"]
[WhiteElo "2047"]
[BlackElo "2287"]
[PlyCount "145"]
[EventDate "2010.09.04"]
[EventRounds "9"]
[EventCountry "ESP"]

1.d4 c5 2.d5 g6 3.c4 Bg7 4.Nc3 d6 5.e4 e6 6.Be2 Nf6 7.Bg5 h6 8.Bd2 O-O 9.Nf3
exd5 10.exd5 Bg4 11.O-O Re8 12.h3 Bxf3 13.Bxf3 Na6 14.a3 Nd7 15.Qc2 Nc7 16.Rae1
Qh4 17.Re4 Rxe4 18.Qxe4 Qxe4 19.Bxe4 a6 20.a4 Rb8 21.a5 b5 22.axb6 Rxb6 23.Rb1
f5 24.Bc2 Rb8 25.b3 Kf7 26.Re1 Ne5 27.Ne2 Re8 28.Kf1 Re7 29.Ng3 Ne8 30.Ne2 Nc7
31.f3 h5 32.f4 Nd7 33.Ng1 Rxe1+ 34.Kxe1 Bb2 35.Nf3 Ba3 36.Ng5+ Ke7 37.Kf2 Nf6
38.Kf3 Bb4 39.Bc1 Bc3 40.Be3 a5 41.Bf2 Na6 42.Bh4 Ke8 43.Ne6 Nb4 44.Bb1 Kf7
45.Nc7 Bb2 46.Be1 Ke7 47.Ne6 Bc1 48.Bh4 Bb2 49.Ke2 Na6 50.g4 fxg4 51.hxg4 Kf7
52.gxh5 Nxh5 53.Nd8+ Kg7 54.Kf3 Nc7 55.Nb7 Ne8 56.Nxa5 Kf7 57.Nb7 Bf6 58.Be1
Neg7 59.b4 cxb4 60.Bxb4 Be7 61.Na5 Bf6 62.Kg4 Be7 63.Nc6 Nf6+ 64.Kf3 Bf8 65.Nd8+
Ke8 66.Nb7 Nf5 67.Bxf5 gxf5 68.Bxd6 Bg7 69.Be5 Kf7 70.Nd6+ Kg6 71.Bxf6 Bxf6
72.c5 Be7 73.Nb7 1-0

[Event "CAMPEONATO DE ESPAÑA ABSOLUTO"]
[Site "EL SAUZAL - TENERIFE - ISLAS CANARIAS"]
[Date "2010.09.08"]
[Round "5"]
[Board "24"]
[White "Bajo Gutierrez, Ignacio"]
[Black "Nortes Hernandez, Pedro"]
[Result "0-1"]
[WhiteElo "2271"]
[BlackElo "2020"]
[PlyCount "48"]
[EventDate "2010.09.04"]
[EventRounds "9"]
[EventCountry "ESP"]

1.d4 d5 2.Nf3 Nf6 3.c4 e6 4.e3 Be7 5.b3 O-O 6.Bb2 Re8 7.Nbd2 Nbd7 8.Bd3 Nf8
9.O-O b6 10.Ne5 Bd6 11.cxd5 exd5 12.Bb5 Re6 13.Bc6 Rb8 14.Rc1 N8d7 15.f4 Bb7
16.Qf3 Bb4 17.Bxb7 Bxd2 18.Nc6 Qe8 19.Nxb8 Qxb8 20.Ba6 Bxc1 21.Bxc1 b5 22.Bxb5
Qxb5 23.g4 Ne4 24.f5 Rc6 0-1

[Event "CAMPEONATO DE ESPAÑA ABSOLUTO"]
[Site "EL SAUZAL - TENERIFE - ISLAS CANARIAS"]
[Date "2010.09.08"]
[Round "5"]
[Board "25"]
[White "Machin Arbelo, Pedro Alexis"]
[Black "Pinto Henriquez, Rodrigo"]
[Result "1-0"]
[WhiteElo "2032"]
[BlackElo "2214"]
[PlyCount "93"]
[EventDate "2010.09.04"]
[EventRounds "9"]
[EventCountry "ESP"]

1.d4 Nf6 2.Nc3 d5 3.Nf3 c5 4.Bg5 Nc6 5.e3 Ne4 6.Nxe4 dxe4 7.Ne5 cxd4 8.Nxc6 bxc6
9.exd4 Qb6 10.b3 e5 11.c3 exd4 12.Qxd4 Qxd4 13.cxd4 Be6 14.Rc1 Kd7 15.Bc4 Bd5
16.Ke2 Bd6 17.Ke3 a5 18.Bf4 Ba3 19.Rc2 Rhc8 20.h4 h5 21.Be2 g6 22.g4 a4 23.gxh5
axb3 24.axb3 c5 25.Bc4 cxd4+ 26.Kxd4 Bb7 27.Rd1 gxh5 28.Ke5+ Ke7 29.Bg5+ Kf8
30.Rd7 Ra5+ 31.Kf4 Ba6 32.Rxf7+ Ke8 33.Rh7 Bd6+ 34.Ke3 Bxc4 35.Rxc4 Rxc4 36.bxc4
Re5 37.Rxh5 Bc5+ 38.Ke2 Kf7 39.Rh6 Rf5 40.Be3 Be7 41.Rh7+ Ke6 42.h5 Ra5 43.h6
Rh5 44.Rg7 Bf8 45.Rg4 Bxh6 46.Rg6+ Kf7 47.Rxh6 1-0

[Event "CAMPEONATO DE ESPAÑA ABSOLUTO"]
[Site "EL SAUZAL - TENERIFE - ISLAS CANARIAS"]
[Date "2010.09.08"]
[Round "5"]
[Board "26"]
[White "Ponce Valero, Juan Antonio"]
[Black "Meneses Gonzalez, Kevin Moises"]
[Result "1-0"]
[WhiteElo "2020"]
[BlackElo "2195"]
[PlyCount "79"]
[EventDate "2010.09.04"]
[EventRounds "9"]
[EventCountry "ESP"]

1.e4 c5 2.Nc3 d6 3.f4 Nc6 4.Nf3 Nf6 5.Bb5 Bd7 6.O-O a6 7.Bxc6 Bxc6 8.d3 e6 9.Qe1
Qc7 10.a3 Be7 11.Kh1 b5 12.Bd2 Bb7 13.Qg3 g6 14.Rae1 O-O-O 15.b4 h5 16.h3 h4
17.Qf2 Nh5 18.Ne2 d5 19.e5 d4 20.Rb1 c4 21.dxc4 Qxc4 22.Rfe1 Kb8 23.a4 bxa4
24.Nexd4 Ng3+ 25.Kh2 Ne4 26.Rxe4 Bxe4 27.b5 Bc5 28.bxa6+ Ka8 29.Be3 Bxf3
30.Qxf3+ Rd5 31.c3 Bxd4 32.Bxd4 Qxa6 33.Rb6 Qc8 34.Rb4 Qf8 35.Rxa4+ Kb8 36.c4
Rxd4 37.Qa8+ Kc7 38.Ra7+ Kb6 39.Qb7+ Kc5 40.Qb5# 1-0

[Event "CAMPEONATO DE ESPAÑA ABSOLUTO"]
[Site "EL SAUZAL - TENERIFE - ISLAS CANARIAS"]
[Date "2010.09.08"]
[Round "5"]
[Board "27"]
[White "Galvan Sarmiento, Jose Luis"]
[Black "Gutierrez Olivares, Daniel"]
[Result "1-0"]
[WhiteElo "2008"]
[BlackElo "2175"]
[PlyCount "211"]
[EventDate "2010.09.04"]
[EventRounds "9"]
[EventCountry "ESP"]

1.d4 Nf6 2.Nf3 e6 3.c4 b6 4.g3 Bb7 5.Bg2 Be7 6.Nc3 O-O 7.Qd3 d5 8.cxd5 exd5
9.O-O c5 10.Bf4 Nc6 11.a3 a5 12.Rac1 Ba6 13.Qd1 Ne4 14.Be3 Nxc3 15.Rxc3 c4
16.Ne5 Na7 17.a4 f6 18.Nf3 Qd7 19.Rc1 b5 20.axb5 Qxb5 21.Qc2 Rab8 22.Ra1 Nc6
23.Rfb1 Nb4 24.Qa4 Qxa4 25.Rxa4 Nc6 26.Nh4 Rfd8 27.Nf5 Bf8 28.Bd2 Rb5 29.Bc3 Bb4
30.Rc1 Bc8 31.Ne3 Ne7 32.Nc2 Nc6 33.e4 Be6 34.exd5 Bxd5 35.Bxd5+ Rdxd5 36.Re1
Nxd4 37.Nxd4 Rxd4 38.Rxb4 axb4 39.Bxd4 Rd5 40.Be3 Rd3 41.Rc1 c3 42.bxc3 bxc3
43.Kf1 Rd5 44.Rxc3 Rh5 45.Kg2 Ra5 46.h4 Rb5 47.Rc5 Rb7 48.h5 h6 49.Kf3 Kh7
50.Kg4 Rb4+ 51.Kf5 Rb7 52.Bd4 Rb6 53.g4 Rd6 54.Be3 Ra6 55.Rd5 Rc6 56.Bd4 Ra6
57.f4 Rc6 58.Bc5 Rc8 59.Ke6 Rc7 60.Be7 Rc4 61.Rf5 Rc6+ 62.Kf7 Rc1 63.Bxf6 gxf6
64.Rxf6 Rc7+ 65.Ke8 Rc8+ 66.Kf7 Rc7+ 67.Ke6 Rc6+ 68.Kf5 Rc5+ 69.Ke4 Ra5 70.f5
Ra4+ 71.Kf3 Ra3+ 72.Kf4 Ra4+ 73.Kg3 Ra3+ 74.Kh4 Rf3 75.Rg6 Rf1 76.Kg3 Ra1 77.f6
Ra7 78.Kf4 Ra4+ 79.Ke5 Ra5+ 80.Kd6 Ra6+ 81.Kc5 Ra7 82.Kb6 Rd7 83.Kc6 Ra7 84.Kd5
Ra5+ 85.Ke4 Ra4+ 86.Kf3 Ra3+ 87.Kg2 Ra2+ 88.Kh3 Ra3+ 89.Kh4 Ra7 90.g5 Ra4+
91.Kg3 hxg5 92.Rxg5 Ra3+ 93.Kh4 Rf3 94.Rg7+ Kh8 95.Rg6 Kh7 96.Kg5 Rf1 97.Rg7+
Kh8 98.Re7 Kg8 99.h6 Rg1+ 100.Kf5 Rf1+ 101.Ke6 Re1+ 102.Kd7 Rf1 103.Re8+ Kh7
104.Ke7 Re1+ 105.Kf8 Rf1 106.f7 1-0

[Event "CAMPEONATO DE ESPAÑA ABSOLUTO"]
[Site "EL SAUZAL - TENERIFE - ISLAS CANARIAS"]
[Date "2010.09.08"]
[Round "5"]
[Board "28"]
[White "Perez Gutierrez, Nauzet"]
[Black "Leon Varela, Luis"]
[Result "1/2-1/2"]
[WhiteElo "2007"]
[BlackElo "2168"]
[PlyCount "81"]
[EventDate "2010.09.04"]
[EventRounds "9"]
[EventCountry "ESP"]

1.e4 e6 2.d4 d5 3.Nc3 Nf6 4.e5 Nfd7 5.f4 c5 6.Nf3 Nc6 7.Be3 cxd4 8.Nxd4 Bc5
9.Qd2 O-O 10.O-O-O a6 11.Qf2 Qe7 12.Bd3 Nxd4 13.Bxd4 Bxd4 14.Qxd4 Qc5 15.Ne2 b5
16.Rhe1 b4 17.Qxc5 Nxc5 18.Nd4 a5 19.Re3 Ba6 20.Kd2 a4 21.Ree1 g6 22.g3 h5
23.Rg1 Kg7 24.g4 hxg4 25.Rxg4 Rh8 26.h4 b3 27.axb3 Bxd3 28.cxd3 a3 29.bxa3 Rxa3
30.f5 Ra2+ 31.Ke3 exf5 32.Nxf5+ Kf8 33.Nd4 Rh5 34.e6 fxe6 35.Rxg6 Rxh4 36.Rf1+
Ke7 37.Rg7+ Kd6 38.Nb5+ Kc6 39.Nd4+ Kd6 40.Nb5+ Kc6 41.Nd4+ 1/2-1/2

[Event "CAMPEONATO DE ESPAÑA ABSOLUTO"]
[Site "EL SAUZAL - TENERIFE - ISLAS CANARIAS"]
[Date "2010.09.08"]
[Round "5"]
[Board "29"]
[White "Alonso Contreras, Mario Elias"]
[Black "Aranaz Murillo, Amalia"]
[Result "0-1"]
[WhiteElo "1980"]
[BlackElo "2154"]
[PlyCount "52"]
[EventDate "2010.09.04"]
[EventRounds "9"]
[EventCountry "ESP"]

1.e4 c6 2.d4 d5 3.exd5 cxd5 4.c4 Nf6 5.Nc3 e6 6.Nf3 Bb4 7.Bd2 Nc6 8.a3 Be7 9.c5
Ne4 10.Bd3 f5 11.b4 Bf6 12.Ne2 O-O 13.O-O Kh8 14.Bf4 g5 15.Be5 g4 16.Bxf6+ Qxf6
17.Bxe4 dxe4 18.Ne1 Rd8 19.Nc2 Nxd4 20.Nexd4 e5 21.f3 exf3 22.gxf3 gxf3 23.Qxf3
exd4 24.Rad1 Be6 25.Qf4 Rg8+ 26.Kf2 Rg4 0-1

[Event "CAMPEONATO DE ESPAÑA ABSOLUTO"]
[Site "EL SAUZAL - TENERIFE - ISLAS CANARIAS"]
[Date "2010.09.08"]
[Round "5"]
[Board "30"]
[White "Salido Polo, Veronica"]
[Black "Saenz Narciso, Miguel Angel"]
[Result "0-1"]
[WhiteElo "1972"]
[BlackElo "2143"]
[PlyCount "102"]
[EventDate "2010.09.04"]
[EventRounds "9"]
[EventCountry "ESP"]

1.e4 c5 2.Nf3 Nc6 3.d4 cxd4 4.Nxd4 g6 5.Nc3 Bg7 6.Be3 Nf6 7.Bc4 O-O 8.O-O d6
9.h3 Bd7 10.Bb3 Na5 11.Qd3 Bc6 12.Rfd1 Nd7 13.Nxc6 bxc6 14.Bd4 Bxd4 15.Qxd4 Qb6
16.Ne2 Qxd4 17.Nxd4 c5 18.Ne2 Rab8 19.Nc3 Rfc8 20.Nd5 Kf8 21.Ba4 Nb6 22.Nxb6
Rxb6 23.b3 c4 24.Rd5 Nb7 25.Rb5 Nc5 26.Ra5 a6 27.f3 e6 28.bxc4 Nb7 29.Rg5 Rxc4
30.Bb3 Rc3 31.Rd1 Nc5 32.Kf1 Kg7 33.Ke1 h6 34.Rg4 h5 35.Rg5 f6 36.Rg3 Nxe4
37.Rxg6+ Kxg6 38.fxe4 Re3+ 39.Kd2 Rxe4 40.c3 f5 41.g4 hxg4 42.Bc2 Rf4 43.Rg1
Rf2+ 44.Kc1 Kg5 45.Bb3 e5 46.Be6 Rbb2 47.hxg4 f4 48.Rh1 Rfc2+ 49.Kd1 Rh2 50.Kc1
Rxa2 51.Bxa2 Rxh1+ 0-1

[Event "CAMPEONATO DE ESPAÑA ABSOLUTO"]
[Site "EL SAUZAL - TENERIFE - ISLAS CANARIAS"]
[Date "2010.09.08"]
[Round "5"]
[Board "31"]
[White "Camino Carrio, Nicanor"]
[Black "Javaloy Guerrero, Manuel A"]
[Result "1-0"]
[WhiteElo "2137"]
[BlackElo "1934"]
[PlyCount "69"]
[EventDate "2010.09.04"]
[EventRounds "9"]
[EventCountry "ESP"]

1.e4 c5 2.Nf3 e6 3.c3 d5 4.e5 d4 5.Bd3 Nc6 6.O-O g6 7.Na3 Bg7 8.Qe2 Nge7 9.b3
Nd5 10.cxd4 Nf4 11.Qe4 Nxd3 12.Qxd3 Nxe5 13.Nxe5 Bxe5 14.Nc2 Bxd4 15.Nxd4 cxd4
16.Ba3 Qd5 17.Rac1 b6 18.Rc7 Bd7 19.Rfc1 a5 20.Qg3 Rd8 21.Qf4 b5 22.Bc5 Qf5
23.Qxd4 e5 24.Re1 f6 25.Qd6 Qe6 26.Qxe6+ Bxe6 27.Re7+ Kf8 28.Rxe6+ Kg7 29.Re7+
Kh6 30.Be3+ Kh5 31.Rc1 Rc8 32.Rcc7 Rcd8 33.Rxh7+ Kg4 34.f3+ Kf5 35.Rce7 1-0

[Event "CAMPEONATO DE ESPAÑA ABSOLUTO"]
[Site "EL SAUZAL - TENERIFE - ISLAS CANARIAS"]
[Date "2010.09.08"]
[Round "5"]
[Board "32"]
[White "Hidalgo Santana, Fernando"]
[Black "Garcia Rodriguez, Sara"]
[Result "1-0"]
[WhiteElo "2127"]
[BlackElo "1869"]
[PlyCount "91"]
[EventDate "2010.09.04"]
[EventRounds "9"]
[EventCountry "ESP"]

1.e4 c5 2.c3 d5 3.e5 Nc6 4.f4 e6 5.d3 Nge7 6.Nf3 Ng6 7.g3 Be7 8.h4 Nf8 9.h5 h6
10.d4 Nd7 11.Bh3 O-O 12.Be3 Nb6 13.b3 cxd4 14.cxd4 Bd7 15.a3 Rc8 16.Qd3 a6 17.f5
exf5 18.Bxf5 Na5 19.g4 f6 20.e6 Bb5 21.Qd1 Qc7 22.Kf2 Rfe8 23.Ra2 Bd6 24.Rc2
Bg3+ 25.Kg2 Qd6 26.Bd2 Rxc2 27.Qxc2 Nc6 28.Nc3 Bf4 29.a4 Nb4 30.Nxb5 axb5 31.Qc5
Qxc5 32.dxc5 Bxd2 33.Nxd2 Na8 34.axb5 Nc7 35.c6 bxc6 36.bxc6 Nxe6 37.Rc1 Nc7
38.Nf3 Re2+ 39.Kf1 Rb2 40.Nd4 Nba6 41.Ra1 Kf7 42.Bc8 Rh2 43.Rxa6 Nxa6 44.Bxa6
Rh1+ 45.Ke2 Rc1 46.Kd2 1-0

[Event "CAMPEONATO DE ESPAÑA ABSOLUTO"]
[Site "EL SAUZAL - TENERIFE - ISLAS CANARIAS"]
[Date "2010.09.08"]
[Round "5"]
[Board "33"]
[White "Arnedo Ruiz, Alberto"]
[Black "Perez Aleman, Pedro Tomas"]
[Result "1-0"]
[WhiteElo "1961"]
[BlackElo "2111"]
[PlyCount "83"]
[EventDate "2010.09.04"]
[EventRounds "9"]
[EventCountry "ESP"]

1.e4 e5 2.Nc3 Nc6 3.Bc4 Nf6 4.d3 Na5 5.Nge2 Nxc4 6.dxc4 Bc5 7.f3 Nh5 8.Qd3 O-O
9.Be3 Bxe3 10.Qxe3 d6 11.O-O-O Be6 12.c5 Qb8 13.cxd6 cxd6 14.Nd5 Bxd5 15.Rxd5 b5
16.Rhd1 Rd8 17.Qd3 b4 18.Rb5 Qc7 19.Rxb4 Qa5 20.Qb3 Rac8 21.Rb5 Qa6 22.g4 Nf4
23.Nxf4 exf4 24.Rb7 Rf8 25.Rd3 Qc6 26.Rb5 a5 27.Rc3 Qa6 28.Rxc8 Rxc8 29.a4 Qa7
30.Rb6 d5 31.exd5 Qe7 32.Kb1 Qe3 33.Rb8 Qe1+ 34.Ka2 Re8 35.Rxe8+ Qxe8 36.d6 Kf8
37.Qc4 Qe6 38.Qxe6 fxe6 39.Kb3 Ke8 40.Kc4 g5 41.Kd4 Kd7 42.Ke5 1-0

[Event "CAMPEONATO DE ESPAÑA ABSOLUTO"]
[Site "EL SAUZAL - TENERIFE - ISLAS CANARIAS"]
[Date "2010.09.08"]
[Round "5"]
[Board "34"]
[White "Rodriguez Lapetra, Pablo"]
[Black "Gonzalez Cruz, Steven"]
[Result "1/2-1/2"]
[WhiteElo "2111"]
[BlackElo "1831"]
[PlyCount "86"]
[EventDate "2010.09.04"]
[EventRounds "9"]
[EventCountry "ESP"]

1.e4 c5 2.Nf3 d6 3.d4 cxd4 4.Nxd4 Nf6 5.Nc3 g6 6.Be3 Bg7 7.f3 O-O 8.Qd2 Nc6
9.O-O-O Bd7 10.Kb1 Rc8 11.g4 Ne5 12.Be2 Nc4 13.Bxc4 Rxc4 14.h4 h5 15.gxh5 Nxh5
16.Rhg1 Qb6 17.Nde2 Qa6 18.Bh6 Re8 19.Bxg7 Kxg7 20.Rg5 Rh8 21.Rdg1 Bc6 22.b3 Qb6
23.Nd1 Rc5 24.R5g2 Nf6 25.Ne3 Rhh5 26.Nf4 Rxh4 27.Nfd5 Nxd5 28.Nf5+ Kf8 29.exd5
Rxd5 30.Qg5 Rxf5 31.Qxh4 Ke8 32.Re1 e6 33.Qh8+ Ke7 34.Qg7 Kd8 35.Rh2 Kc7 36.Rh8
Qf2 37.Rxe6 Qxf3 38.Re7+ Bd7 39.Rf8 Rf6 40.a3 Qd1+ 41.Kb2 Qd4+ 42.Ka2 Qf2 43.Kb1
Qg1+ 1/2-1/2